[Event "Euro Online U2300 Day 2"]
[Site "chess.com INT"]
[Date "2020.05.26"]
[Round "5"]
[White "Werle, Iozefina"]
[Black "Toczek, Grzegorz"]
[Result "0-1"]
[WhiteTitle "WGM"]
[BlackTitle "FM"]
[WhiteElo "2300"]
[BlackElo "2271"]
[WhiteFideId "1213261"]
[BlackFideId "1106457"]
[EventDate "2020.05.26"]

1. e4 c5 2. Nf3 Nc6 3. Bb5 g6 4. O-O Bg7 5. Bxc6 bxc6 6. Re1 Nh6 7. c3 O-O 8. d3
f6 9. Be3 d6 10. Qb3+ Nf7 11. Nbd2 Qc7 12. d4 Rb8 13. Qc2 cxd4 14. cxd4 Bd7 15.
b3 Rfc8 16. Rac1 Qa5 17. Nc4 Qa6 18. h3 d5 19. Ncd2 Nd6 20. e5 Nf5 21. Qc5 Bf8
22. e6 Bxe6 23. Bf4 Rb5 24. Qc2 Bd7 25. g4 Ng7 26. Bh6 c5 27. a4 Rb4 28. dxc5 e5
29. g5 Bxc5 30. Qb2 Nf5 31. Nxe5 fxe5 32. Qxe5 Qd6 33. Qxd6 Nxd6 34. Re7 Bxh3
35. Kh2 Rh4 36. Nf3 Rh5 37. Rg7+ Kh8 38. Ne5 Be6+ 39. Kg2 Nf5 40. Rb7 d4 41. f3
Bd5 42. Rd7 Be6 43. Rxc5 Bxd7 44. Nxd7 Rxc5 45. Nxc5 Nxh6 0-1

[Event "Euro Online U2300 Day 2"]
[Site "chess.com INT"]
[Date "2020.05.26"]
[Round "5"]
[White "Godzwon, Iwo"]
[Black "Dmitrenko, Viktor"]
[Result "1-0"]
[WhiteTitle "FM"]
[BlackTitle "IM"]
[WhiteElo "2347"]
[BlackElo "2456"]
[WhiteFideId "21802483"]
[BlackFideId "14110270"]
[EventDate "2020.05.26"]

1. e4 c6 2. d4 d5 3. e5 Bf5 4. Nd2 e6 5. Nb3 Nd7 6. Nf3 h6 7. Be2 Ne7 8. Bd2 Bh7
9. O-O g5 10. a4 a5 11. Rc1 Bg7 12. Qe1 b6 13. h3 O-O 14. c4 dxc4 15. Bxc4 Nd5
16. Qe2 Qe7 17. Bd3 Bxd3 18. Qxd3 Rfc8 19. Rc4 Nb8 20. Rfc1 Qd7 21. Qe4 Na6 22.
h4 f5 23. exf6 Nxf6 24. Qg6 g4 25. Ne5 Qe8 26. Rxc6 Rxc6 27. Rxc6 Qxg6 28. Nxg6
Nd5 29. Nf4 Nab4 30. Rxe6 Rc8 31. Nxd5 Nxd5 32. Bxh6 Rc2 33. Bxg7 Kxg7 34. Rd6
Nf4 35. Rxb6 Rxb2 36. Rb7+ Kh6 37. Nxa5 Ne2+ 38. Kh2 Ra2 39. Nb3 Rxa4 40. d5 1-0

[Event "Euro Online U2300 Day 2"]
[Site "chess.com INT"]
[Date "2020.05.26"]
[Round "5"]
[White "Kalogeris, Ioannis"]
[Black "Hansen, Carsten"]
[Result "1/2-1/2"]
[WhiteTitle "FM"]
[BlackTitle "FM"]
[WhiteElo "2312"]
[BlackElo "2270"]
[WhiteFideId "4239563"]
[BlackFideId "1400444"]
[EventDate "2020.05.26"]

1. e4 c5 2. Nf3 Nc6 3. d4 cxd4 4. Nxd4 g6 5. c4 Nf6 6. Nc3 d6 7. Be2 Nxd4 8.
Qxd4 Bg7 9. Qe3 O-O 10. O-O Be6 11. Bd2 Qb6 12. Qxb6 axb6 13. a4 Rfc8 14. b3 Nd7
15. Rab1 Nc5 16. f3 f5 17. Nd5 Bxd5 18. exd5 Kf7 19. Be3 Bc3 20. Rfd1 Bb4 21.
Bd4 Nd7 22. Ba1 Rg8 23. f4 Nc5 24. Bf3 Raf8 25. g3 Ke8 26. Kg2 Kd7 27. Bd4 h6
28. Rf1 Kc7 29. Bd1 Ne4 30. Rb2 Bc5 31. Bxc5 bxc5 32. Re2 Kd7 33. Rfe1 Rg7 34.
Bc2 Nf6 35. Re6 Ne8 36. h3 Nc7 37. R6e2 Rf6 38. Bd3 e6 39. dxe6+ Rxe6 40. g4
Rxe2+ 41. Bxe2 Ne6 42. Kg3 Nd4 43. Bf3 b6 44. Rb1 Re7 45. Kf2 Rf7 46. Kg3 Re7
47. Kf2 Nc2 48. Rd1 Nd4 49. Rb1 1/2-1/2

[Event "Euro Online U2300 Day 2"]
[Site "chess.com INT"]
[Date "2020.05.26"]
[Round "5"]
[White "Kanyamarala, Tarun"]
[Black "Nikac, Predrag"]
[Result "1-0"]
[WhiteTitle "FM"]
[BlackTitle "IM"]
[WhiteElo "2381"]
[BlackElo "2313"]
[WhiteFideId "45004714"]
[BlackFideId "908975"]
[EventDate "2020.05.26"]

1. d4 f5 2. Qd3 d5 3. g4 e5 4. dxe5 fxg4 5. h3 c5 6. hxg4 Nc6 7. Nf3 Be6 8. Rxh7
Nb4 9. Qg6+ Bf7 10. Qf5 Rxh7 11. Qxh7 Ne7 12. e3 Bg6 13. Bb5+ Nbc6 14. Bxc6+
bxc6 15. Qh8 Qd7 16. Qh4 O-O-O 17. Na3 c4 18. b3 c3 19. Nb1 d4 20. Nxd4 c5 21.
e6 Qd5 22. Nxc3 Qg2 23. Nde2 Bxc2 24. Ba3 Ng6 25. Qg3 Qh1+ 26. Qg1 Qc6 27. Rc1
Bd3 28. Kf1 c4 29. Bxf8 Rxf8 30. Qg2 Qxe6 31. bxc4 Qxe3 32. Qa8+ Kd7 33. Qb7+
Kd8 34. Qb8+ Kd7 35. Qb7+ Ke8 36. Qc8+ 1-0

[Event "Euro Online U2300 Day 2"]
[Site "chess.com INT"]
[Date "2020.05.26"]
[Round "5"]
[White "Giannoulakis, Lampros"]
[Black "Lund, Terje"]
[Result "1-0"]
[WhiteTitle "FM"]
[WhiteElo "2293"]
[BlackElo "2104"]
[WhiteFideId "4247019"]
[BlackFideId "1504754"]
[EventDate "2020.05.26"]

1. d4 Nf6 2. c4 c5 3. d5 b5 4. cxb5 a6 5. bxa6 Bxa6 6. Nc3 d6 7. e4 Bxf1 8. Kxf1
g6 9. Nf3 Bg7 10. g3 Nbd7 11. Kg2 O-O 12. a4 Qb6 13. Qc2 c4 14. Be3 Qb7 15. Nd4
Ng4 16. Ncb5 Nxe3+ 17. fxe3 Ne5 18. a5 Ra6 19. Ra3 Rc8 20. Rc1 Rc5 21. Qa4 e6
22. b4 cxb3 23. Rxc5 dxc5 24. Nxb3 Bf8 25. d6 Qc6 26. Nc7 c4 27. Qxc6 Rxc6 28.
Nd4 Rxd6 29. a6 Rd8 30. Ra2 Bd6 31. a7 Bxc7 32. a8=Q Rxa8 33. Rxa8+ Kg7 34.
Nxe6+ fxe6 35. Ra7 Kf6 36. Rxc7 Ng4 37. Rxh7 Nxe3+ 38. Kf3 Nc2 39. Rc7 Ke5 40.
Rxc4 1-0

[Event "Euro Online U2300 Day 2"]
[Site "chess.com INT"]
[Date "2020.05.26"]
[Round "5"]
[White "Sernecki, Franciszek"]
[Black "Timoshin, Andrei"]
[Result "0-1"]
[WhiteTitle "FM"]
[WhiteElo "2243"]
[BlackElo "2132"]
[WhiteFideId "1169297"]
[BlackFideId "4503503"]
[EventDate "2020.05.26"]

1. e4 c5 2. d4 cxd4 3. Nf3 Nc6 4. Nxd4 Nf6 5. Nc3 e5 6. Ndb5 d6 7. Bg5 a6 8. Na3
b5 9. Bxf6 gxf6 10. Nd5 Bg7 11. g3 Be6 12. Bg2 Ne7 13. Nxe7 Qxe7 14. c3 O-O 15.
O-O Ra7 16. Nc2 f5 17. exf5 Bxf5 18. Ne3 Be6 19. a4 bxa4 20. Rxa4 a5 21. Qh5 f5
22. Bd5 f4 23. Qg4 Bxd5 24. Nxd5 Qf7 25. Rd1 fxg3 26. Qxg3 Kh8 27. Rg4 Bh6 28.
c4 Qe6 29. b3 Raf7 30. Rf1 Rf3 31. Qh4 Rxb3 32. Kh1 Rb7 33. Rfg1 Rg7 34. Rxg7
Bxg7 35. Rg3 Qf7 36. Rh3 h6 37. f3 Qg6 38. Ne3 Qb1+ 39. Kg2 Qb2+ 40. Kg3 e4 41.
f4 Qd2 42. Kg4 Qe2+ 0-1

[Event "Euro Online U2300 Day 2"]
[Site "chess.com INT"]
[Date "2020.05.26"]
[Round "5"]
[White "Slizunkov, Dmitry"]
[Black "Rusu, Vlad"]
[Result "1-0"]
[WhiteElo "2120"]
[BlackElo "1833"]
[WhiteFideId "34185949"]
[BlackFideId "55623344"]
[EventDate "2020.05.26"]

1. c4 e5 2. Nc3 Nf6 3. Nf3 Nc6 4. e4 Bc5 5. Nxe5 Nxe5 6. d4 Bb4 7. dxe5 Nxe4 8.
Qf3 Nxc3 9. bxc3 Ba5 10. Be2 O-O 11. O-O Qe7 12. Bf4 Bb6 13. Bd3 d6 14. Qg3 dxe5
15. Bxe5 f6 16. Bd4 c5 17. Be3 Bc7 18. Bf4 Bxf4 19. Qxf4 Re8 20. Qf3 Rb8 21.
Rad1 Bd7 22. Be4 Qxe4 23. Qxe4 Rxe4 24. Rxd7 Rxc4 25. Re1 Rxc3 26. h3 g5 27.
Ree7 Rc1+ 28. Kh2 Rc2 29. Rg7+ Kh8 30. Rxh7+ Kg8 31. Kg3 Rxa2 32. Kg4 Rxf2 33.
Kh5 Rf4 34. g4 Rf3 35. Kg6 1-0

[Event "Euro Online U2300 Day 2"]
[Site "chess.com INT"]
[Date "2020.05.26"]
[Round "5"]
[White "Kharatyan, Roman"]
[Black "Martinkus, Rolandas"]
[Result "1-0"]
[BlackTitle "FM"]
[WhiteElo "1984"]
[BlackElo "2117"]
[WhiteFideId "13305220"]
[BlackFideId "12800481"]
[EventDate "2020.05.26"]

1. e4 e5 2. d4 exd4 3. Qxd4 Nc6 4. Qe3 Nf6 5. Bd3 d6 6. Qg3 Ne5 7. Nc3 h5 8. Be2
h4 9. Qf4 Be6 10. Nf3 Nxf3+ 11. Bxf3 c6 12. Bd2 Qb6 13. O-O-O O-O-O 14. Kb1 Nd7
15. Be3 Qa5 16. Bg4 Ne5 17. Bxe6+ fxe6 18. Bd4 Rh5 19. Bxe5 Qxe5 20. Qf7 Rh6 21.
Qf3 Kb8 22. Qe3 g5 23. Ne2 Bg7 24. c3 Rf6 25. Nc1 Qf4 26. Nd3 Qxe3 27. fxe3 Rff8
28. Rhf1 Kc7 29. Kc2 b6 30. Nf2 d5 31. Kd3 c5 32. Ng4 c4+ 33. Ke2 dxe4 34. Nf2
Rxd1 35. Rxd1 Be5 36. h3 Rg8 37. Ng4 Bg7 38. Rf1 b5 39. Rf7+ Kb6 40. a3 a5 41.
Re7 b4 42. Rxe6+ Kb5 43. axb4 axb4 44. Rg6 Ka4 45. Nf6 Rf8 46. Nxe4 Bh8 47. Rxg5
bxc3 48. bxc3 Kb3 49. Rg4 Bxc3 50. Nd6 Be5 51. Nxc4 Bg3 52. Nd2+ Kc2 53. Ne4 1-0

[Event "Euro Online U2300 Day 2"]
[Site "chess.com INT"]
[Date "2020.05.26"]
[Round "5"]
[White "Ibrahimli, Murad"]
[Black "Suleymanli, Aydin"]
[Result "1-0"]
[WhiteTitle "IM"]
[BlackTitle "IM"]
[WhiteElo "2436"]
[BlackElo "2512"]
[WhiteFideId "13410229"]
[BlackFideId "13413937"]
[EventDate "2020.05.26"]

1. d4 Nf6 2. c4 Nc6 3. Nf3 e6 4. a3 d6 5. Nc3 g6 6. d5 Ne7 7. dxe6 Bxe6 8. Nd4
Bg7 9. Nxe6 fxe6 10. e4 O-O 11. Be2 c5 12. O-O Nc6 13. Be3 Qe7 14. f4 a6 15. Bf3
Nd4 16. g3 Nd7 17. Bg2 b5 18. cxb5 axb5 19. Kh1 Rab8 20. b4 cxb4 21. axb4 Nc6
22. e5 Nxb4 23. exd6 Qf6 24. Rc1 Qf5 25. Ne4 Nd5 26. Bd4 h6 27. Bxg7 Kxg7 28.
Rc7 Qf7 29. Qd4+ Kg8 30. Nc5 Nxc7 31. dxc7 Rbc8 32. Nxd7 1-0

[Event "Euro Online U2300 Day 2"]
[Site "chess.com INT"]
[Date "2020.05.26"]
[Round "5"]
[White "Zubcu, Vlad-George"]
[Black "Stabulnieks, Klavs"]
[Result "1-0"]
[WhiteElo "2199"]
[BlackElo "2204"]
[WhiteFideId "1219715"]
[BlackFideId "11603984"]
[EventDate "2020.05.26"]

1. d4 Nf6 2. Bg5 Ne4 3. Bf4 c5 4. f3 Qa5+ 5. c3 Nf6 6. Nd2 e6 7. Nb3 Qb6 8. dxc5
Bxc5 9. Nxc5 Qxc5 10. Bd6 Qd5 11. e4 Qxd1+ 12. Rxd1 Nc6 13. Bc4 b6 14. Ne2 Bb7
15. O-O O-O-O 16. b4 Ne8 17. Bg3 d6 18. a4 Ne5 19. Bb3 Nf6 20. c4 Nh5 21. Bf2
Rd7 22. Rd2 Rhd8 23. Rfd1 g5 24. Be3 h6 25. a5 bxa5 26. bxa5 Ba6 27. Rc2 Rc7 28.
Nd4 Nxc4 29. Bxc4 Rxc4 30. Rxc4+ Bxc4 31. Rc1 d5 32. Nc6 Rd7 33. Nxa7+ Kb7 34.
Rb1+ Kc7 35. Bb6+ Kd6 36. Nc8+ Ke5 37. exd5 exd5 38. Re1+ Kf6 39. Bd4+ Kg6 40.
Ne7+ Kh7 41. g3 Ng7 42. Nc6 Ne6 43. Bf6 Kg6 44. Ne5+ Kxf6 45. Nxd7+ Ke7 46. Nb6
Kd6 47. Nxc4+ dxc4 48. Kf2 Nd4 49. Rd1 Kc5 50. a6 Nc6 51. Rb1 c3 52. Ke3 Kc4 53.
Rb6 Nd4 54. a7 c2 55. Kd2 1-0

[Event "Euro Online U2300 Day 2"]
[Site "chess.com INT"]
[Date "2020.05.26"]
[Round "5"]
[White "Korneevets, Alexander"]
[Black "Sedina, Elena"]
[Result "1-0"]
[WhiteTitle "IM"]
[BlackTitle "IM"]
[WhiteElo "2267"]
[BlackElo "2299"]
[WhiteFideId "13500180"]
[BlackFideId "812153"]
[EventDate "2020.05.26"]

1. e4 e6 2. d4 d5 3. Nd2 c5 4. exd5 exd5 5. Ngf3 Nc6 6. Be2 Nf6 7. O-O Bd6 8.
dxc5 Bxc5 9. Nb3 Bb6 10. c3 h6 11. Nfd4 O-O 12. Be3 Ne5 13. h3 Bd7 14. Re1 Ba4
15. Qc1 Ne4 16. Nf3 Ng6 17. Bxb6 Qxb6 18. Nbd4 Rfe8 19. Bd3 Qf6 20. Bb5 Bxb5 21.
Nxb5 Nf4 22. Nc7 Qb6 23. Rxe4 Rxe4 24. Nxa8 Qd8 25. Qd2 Qxa8 26. Re1 Qe8 27.
Rxe4 Qxe4 28. Kh2 g5 29. Qd4 Qxd4 30. Nxd4 Nd3 31. Nf5 Kh7 32. Nd6 Nxb2 33. Nxb7
Nd1 34. Nd6 Kg6 35. Nb5 Nxc3 36. Nxc3 d4 37. Nd1 Kf5 38. f3 Ke5 39. Kg1 d3 40.
Kf2 Kd4 41. Ke1 f5 42. Kd2 h5 43. Nf2 1-0

[Event "Euro Online U2300 Day 2"]
[Site "chess.com INT"]
[Date "2020.05.26"]
[Round "5"]
[White "Shapiro, David"]
[Black "Jeszenszky, Jozsef"]
[Result "1/2-1/2"]
[WhiteTitle "FM"]
[WhiteElo "2392"]
[BlackElo "2099"]
[WhiteFideId "24133523"]
[BlackFideId "753564"]
[EventDate "2020.05.26"]

1. d4 d5 2. Nc3 Nf6 3. Bf4 e6 4. e3 Bb4 5. Bd3 O-O 6. Ne2 c5 7. a3 Bxc3+ 8. Nxc3
b6 9. O-O Ba6 10. Bxa6 Nxa6 11. Qe2 Nc7 12. Rad1 Rc8 13. e4 cxd4 14. Rxd4 Re8
15. Be5 Nd7 16. Bxc7 Qxc7 17. exd5 exd5 18. Qf3 Nf6 19. h3 h6 20. Rc1 Qe5 21.
Qd3 Rc5 22. Rd1 Rec8 23. Qf3 a5 24. Qf4 Qxf4 25. Rxf4 b5 26. Rfd4 Kf8 27. R1d2
R8c6 28. Nxd5 Rxc2 29. Nxf6 gxf6 30. g4 Kg7 31. Kg2 Kg6 32. Kg3 R2c4 33. Rxc4
bxc4 34. Rc2 f5 35. Kf4 fxg4 36. hxg4 Kf6 37. f3 Rc8 38. b3 c3 39. Ke4 Kg5 40.
Kd4 Kf4 41. Rxc3 Rd8+ 42. Kc4 f5 43. Kb5 fxg4 44. fxg4 Kxg4 45. Rc4+ Kg3 46.
Kxa5 h5 47. a4 h4 48. b4 h3 49. b5 h2 50. Rc1 Ra8+ 51. Kb4 Rh8 52. b6 h1=Q 53.
Rxh1 Rxh1 54. Kb5 Rb1+ 55. Kc6 Rc1+ 56. Kd6 Rd1+ 57. Kc6 Rc1+ 58. Kd6 Rd1+ 59.
Kc6 Rc1+ 1/2-1/2

[Event "Euro Online U2300 Day 2"]
[Site "chess.com INT"]
[Date "2020.05.26"]
[Round "5"]
[White "Mostbauer, Florian"]
[Black "Yeke, Serkan"]
[Result "0-1"]
[WhiteTitle "FM"]
[BlackTitle "FM"]
[WhiteElo "2309"]
[BlackElo "2099"]
[WhiteFideId "1626671"]
[BlackFideId "6301142"]
[EventDate "2020.05.26"]

1. c4 e5 2. g3 Nc6 3. Bg2 f5 4. Nc3 Nf6 5. e4 Bc5 6. Nge2 d6 7. O-O O-O 8. a3 a5
9. d3 Qe8 10. Nd5 f4 11. gxf4 Bg4 12. Be3 Nxd5 13. cxd5 Nd4 14. Bxd4 Bxd4 15.
Qd2 Bxe2 16. Qxe2 Rxf4 17. Kh1 c5 18. Bh3 b5 19. Be6+ Kh8 20. Rg1 Rxf2 21. Qg4
Qe7 22. Rg3 Raf8 23. Rag1 Rxb2 24. Rh3 h6 25. Qg6 Qf6 26. Qxf6 Rxf6 27. Rc1 Rff2
28. Bf5 Kg8 29. Rg1 Kf8 30. Be6 a4 31. Rh5 Rf3 32. Rf5+ Rxf5 33. exf5 Bxg1 0-1

[Event "Euro Online U2300 Day 2"]
[Site "chess.com INT"]
[Date "2020.05.26"]
[Round "5"]
[White "Peycheva, Gergana"]
[Black "Yanev, Pavel"]
[Result "1-0"]
[WhiteTitle "FM"]
[WhiteElo "2255"]
[BlackElo "2267"]
[WhiteFideId "2916711"]
[BlackFideId "2910756"]
[EventDate "2020.05.26"]

1. d4 Nf6 2. c4 e6 3. Nc3 Bb4 4. e3 O-O 5. Bd3 b6 6. Ne2 Bb7 7. O-O d5 8. cxd5
exd5 9. a3 Be7 10. Nf4 Nbd7 11. Qf3 c6 12. b4 a6 13. Bb2 b5 14. e4 dxe4 15. Nxe4
Nxe4 16. Bxe4 Nb6 17. Rfd1 Bf6 18. Nh5 Nd5 19. Bxd5 cxd5 20. Nxf6+ Qxf6 21. Qxf6
gxf6 22. Rac1 Rfe8 23. Rc7 Re2 24. Bc1 Rae8 25. Be3 Bc8 26. Rdc1 Bf5 27. R7c6
Re6 28. h3 Kg7 29. Rxe6 fxe6 30. Rc6 e5 31. Rxa6 Re1+ 32. Kh2 Rd1 33. dxe5 fxe5
34. Bg5 Re1 35. a4 bxa4 36. Rxa4 h6 37. Ra7+ Kg6 38. Be3 d4 39. Ra6+ Kf7 40.
Bxh6 Rb1 41. Bg5 Be6 42. Rb6 Rb2 43. Kg3 Rb3+ 44. Kh2 Rb2 45. f3 1-0

[Event "Euro Online U2300 Day 2"]
[Site "chess.com INT"]
[Date "2020.05.26"]
[Round "5"]
[White "Caputcuoglu, Zeki Berke"]
[Black "Gorodetzky, Matan"]
[Result "1-0"]
[WhiteTitle "CM"]
[BlackTitle "FM"]
[WhiteElo "2138"]
[BlackElo "2284"]
[WhiteFideId "34548610"]
[BlackFideId "2813394"]
[EventDate "2020.05.26"]

1. Nf3 d5 2. d4 c5 3. c4 e6 4. cxd5 exd5 5. g3 Nf6 6. Bg2 Nc6 7. O-O Be7 8. Nc3
O-O 9. dxc5 Bxc5 10. Bg5 d4 11. Bxf6 Qxf6 12. Nd5 Qd8 13. Nd2 Be6 14. Nf4 Re8
15. Rc1 Bb6 16. Nc4 Rc8 17. a3 h6 18. Re1 Bf5 19. b4 Bc7 20. Nd3 Bb8 21. Nc5 b6
22. Nb3 Be6 23. Qd3 Qd7 24. Bxc6 Rxc6 25. Nxd4 Bxc4 26. Rxc4 Rd6 27. Rd1 b5 28.
Rc2 a6 29. e3 Ba7 30. Qc3 Qh3 31. Qc7 Rd7 32. Qf4 Bb8 33. Qf3 Be5 34. Nc6 Rxd1+
35. Qxd1 Bf6 36. Qd5 Rc8 37. Nd4 Rd8 38. Qe4 Qd7 39. Rd2 Qc7 40. Rd1 Qc3 41. Qd3
Qc7 42. Kg2 Qb7+ 43. Kg1 Qd5 44. Re1 Qa2 45. Re2 Qa1+ 46. Kg2 Bxd4 47. exd4 Qxd4
48. Re8+ 1-0

[Event "Euro Online U2300 Day 2"]
[Site "chess.com INT"]
[Date "2020.05.26"]
[Round "5"]
[White "Abbasov, Amil1"]
[Black "Kacharava, Nikolozi"]
[Result "1-0"]
[BlackTitle "IM"]
[WhiteElo "2172"]
[BlackElo "2437"]
[WhiteFideId "13402277"]
[BlackFideId "13611860"]
[EventDate "2020.05.26"]

1. e4 d6 2. d4 Nf6 3. Nc3 Nbd7 4. Be3 e5 5. f3 c6 6. Qd2 Be7 7. O-O-O b5 8. g4
O-O 9. Nge2 b4 10. Nb1 d5 11. g5 Nh5 12. Ng3 exd4 13. Qxd4 Nxg3 14. hxg3 Bc5 15.
Qd2 Bxe3 16. Qxe3 Re8 17. Qf4 Nf8 18. exd5 cxd5 19. Bd3 Qb6 20. Nd2 Ba6 21. Nb3
Bxd3 22. Rxd3 a5 23. Nd4 a4 24. Kb1 Rac8 25. Nf5 Qf2 26. Qd2 Qxd2 27. Rxd2 Re5
28. Rxd5 Rce8 29. Rxe5 Rxe5 30. g4 Ne6 31. Rd1 g6 32. Ne7+ Kg7 33. Nd5 Re2 34.
Nxb4 Nxg5 35. f4 Ne6 36. Nd3 Re4 37. Rf1 h5 38. gxh5 gxh5 39. b3 axb3 40. axb3
h4 41. f5 Ng5 42. b4 h3 43. Rh1 Rh4 44. b5 1-0

[Event "Euro Online U2300 Day 2"]
[Site "chess.com INT"]
[Date "2020.05.26"]
[Round "5"]
[White "Bashirli, Nail"]
[Black "Grigoryan, Aram"]
[Result "1-0"]
[WhiteTitle "IM"]
[WhiteElo "2382"]
[BlackElo "1996"]
[WhiteFideId "13406809"]
[BlackFideId "13310542"]
[EventDate "2020.05.26"]

1. e4 e6 2. d4 d5 3. Nd2 Nc6 4. c3 e5 5. exd5 Qxd5 6. Ngf3 exd4 7. Bc4 Qf5 8.
O-O dxc3 9. Re1+ Be7 10. Ne4 h6 11. Qb3 Na5 12. Qxc3 Nxc4 13. Qxc4 Nf6 14. Nxf6+
Qxf6 15. Qxc7 Be6 16. Bd2 Rc8 17. Qxb7 O-O 18. Bc3 Rxc3 19. bxc3 Bc5 20. Qc7 Bb6
21. Qe5 Qg6 22. Nd4 Bxd4 23. cxd4 Rd8 24. Qe3 Rd5 25. f3 Rg5 26. Re2 a5 27. Rc1
Kh7 28. Qe4 Bf5 29. Qh4 Qa6 30. Rd2 Qf6 31. Qf4 Qe7 32. d5 Qa3 33. Rcd1 Qc5+ 34.
Qd4 Qd6 35. Qe3 Bg6 36. Rd4 Re5 37. Qf4 f5 38. h4 Bf7 39. Qg3 Be8 40. Kh2 Qf6
41. d6 Bd7 42. R1d2 a4 43. Rc4 a3 44. h5 f4 45. Qg6+ Qxg6 46. hxg6+ Kxg6 47. Rc7
Be6 48. d7 Bxd7 49. Rcxd7 Kh5 50. R7d5 Rxd5 51. Rxd5+ g5 52. Ra5 Kh4 53. Rxa3 h5
54. Ra4 g4 55. Rxf4 Kg5 56. g3 h4 57. Rxg4+ Kf5 58. gxh4 Kf6 59. h5 Kf5 60. h6
Ke6 61. h7 Kf5 62. h8=Q Ke6 63. Rg5 Kf7 64. Qh6 Ke8 65. Rg7 Kf8 66. Qh8# 1-0

[Event "Euro Online U2300 Day 2"]
[Site "chess.com INT"]
[Date "2020.05.26"]
[Round "5"]
[White "Marjanovic, Annamaria"]
[Black "Papp, Petra"]
[Result "0-1"]
[WhiteTitle "WGM"]
[BlackTitle "WGM"]
[WhiteElo "2338"]
[BlackElo "2338"]
[WhiteFideId "750930"]
[BlackFideId "739049"]
[EventDate "2020.05.26"]

1. c4 e5 2. g3 Nc6 3. Bg2 Bc5 4. Nc3 d6 5. a3 a6 6. e3 Ba7 7. Nge2 h5 8. h4 Bg4
9. b3 Nf6 10. Bb2 Qd7 11. Qc2 O-O-O 12. O-O-O e4 13. Rde1 Rhe8 14. Nxe4 Nxe4 15.
Bxe4 Rxe4 16. Qxe4 Bf5 17. Qd5 Re8 18. f3 Ne5 19. e4 Be6 20. Qa5 Nxf3 21. Ref1
Bg4 22. Nc3 Re5 23. Qa4 Qe6 24. Kc2 Rxe4 25. Nxe4 Qxe4+ 26. d3 Qe2+ 27. Kb1 Nd2+
28. Ka2 Nxf1 29. c5 Bxc5 30. Rxf1 Bd7 31. Qf4 Be6 32. Rc1 Be3 33. Qf1 Qg4 34.
Rd1 Qxg3 35. d4 d5 36. Rd3 Qf2 37. Qd1 Bg4 38. Qb1 Bf5 39. Qd1 Bxd3 40. Qxd3 g6
41. a4 Bc1 42. Qc3 Qxb2+ 43. Qxb2 Bxb2 44. Kxb2 Kd7 0-1

[Event "Euro Online U2300 Day 2"]
[Site "chess.com INT"]
[Date "2020.05.26"]
[Round "5"]
[White "Melnikov, Sergey"]
[Black "Taspinar, Yanki"]
[Result "1/2-1/2"]
[BlackTitle "CM"]
[WhiteElo "2039"]
[BlackElo "2178"]
[WhiteFideId "34141062"]
[BlackFideId "34561188"]
[EventDate "2020.05.26"]

1. d4 d5 2. c4 e6 3. cxd5 exd5 4. Nc3 c6 5. Qc2 Bd6 6. h3 Ne7 7. Nf3 Bf5 8. Qb3
Qb6 9. Qxb6 axb6 10. e3 O-O 11. Be2 h6 12. O-O Nd7 13. Bd2 Ra7 14. a3 b5 15.
Rac1 Rfa8 16. g4 Bh7 17. Kg2 Nb6 18. Nh4 Nc4 19. Bxc4 bxc4 20. f4 b5 21. f5 f6
22. Rce1 b4 23. axb4 Bxb4 24. e4 c5 25. Nf3 cxd4 26. Nxd4 Bc5 27. Ne6 Bb4 28.
exd5 Bxc3 29. Bxc3 Nxd5 30. Bd4 Ra2 31. Rf2 Kh8 32. Nf4 Bg8 33. Nxd5 Bxd5+ 34.
Kh2 Ra1 35. Rfe2 Rxe1 36. Rxe1 Kg8 37. Kg3 Bf7 38. Bc3 h5 39. Re4 Rd8 40. Rd4
Re8 41. Kf3 Ra8 42. Kg3 Ra7 43. Kf3 Re7 44. Kf2 Kh7 45. Kf3 Rb7 46. Kg3 Ra7 47.
Kf3 h4 48. g5 fxg5 49. Kg4 Kh6 50. Rd6+ Kh7 51. Kxg5 Ra1 52. Kxh4 Rf1 53. f6
gxf6 54. Rxf6 Rxf6 55. Bxf6 Bg6 1/2-1/2

[Event "Euro Online U2300 Day 2"]
[Site "chess.com INT"]
[Date "2020.05.26"]
[Round "5"]
[White "Schekachikhin, Maksim"]
[Black "Baskin, Robert"]
[Result "0-1"]
[WhiteTitle "IM"]
[BlackTitle "IM"]
[WhiteElo "2406"]
[BlackElo "2390"]
[WhiteFideId "24177830"]
[BlackFideId "24662402"]
[EventDate "2020.05.26"]

1. d4 Nf6 2. c4 e6 3. Nc3 Bb4 4. Qc2 b6 5. e4 c5 6. d5 Qe7 7. Ne2 exd5 8. exd5
d6 9. Bd2 O-O 10. f3 Nbd7 11. O-O-O Re8 12. Ng3 Ne5 13. Re1 Qd8 14. h3 Bd7 15.
f4 Ng6 16. Bd3 Rxe1+ 17. Rxe1 b5 18. Nxb5 Bxb5 19. cxb5 Qa5 20. a3 Bxd2+ 21.
Qxd2 Qxd2+ 22. Kxd2 Nxf4 23. Nf5 Kf8 24. Bc4 Rd8 25. a4 N4xd5 26. a5 g6 27. Nh6
Rb8 28. Rf1 Kg7 29. Nxf7 Nc7 30. Ng5 d5 31. Bd3 h6 32. Nf3 c4 33. Bc2 Nxb5 34.
Re1 Rb7 35. Ba4 Nd6 36. Nd4 Rxb2+ 37. Kc3 Rxg2 38. Re7+ Kf8 39. Re6 Nfe4+ 40.
Kb4 Rb2+ 41. Ka3 c3 42. Rxg6 Nc4# 0-1

[Event "Euro Online U2300 Day 2"]
[Site "chess.com INT"]
[Date "2020.05.26"]
[Round "5"]
[White "Akhmedov, David"]
[Black "Trokhymyshyn, Sergii"]
[Result "1-0"]
[WhiteElo "1808"]
[BlackElo "2157"]
[WhiteFideId "34220194"]
[BlackFideId "14135604"]
[EventDate "2020.05.26"]

1. e4 e5 2. Nf3 Nc6 3. Nc3 Be7 4. d4 exd4 5. Nxd4 d6 6. Nxc6 bxc6 7. Bc4 Nf6 8.
O-O O-O 9. Bg5 h6 10. Bh4 Re8 11. h3 Rb8 12. Rb1 Rb4 13. Bb3 Nxe4 14. Bxe7 Rxe7
15. Nxe4 Rbxe4 16. Qf3 d5 17. Rbd1 Ba6 18. c4 Bxc4 19. Bxc4 Rxc4 20. Qa3 Re2 21.
Qxa7 Rcc2 22. Rc1 d4 23. Rcd1 d3 24. Qa6 Qf6 25. Qxd3 Qxb2 26. Qf5 g6 27. Qf4
Red2 28. Qxh6 Qd4 29. Rb1 Rb2 30. Rxb2 Rxb2 31. a3 Ra2 32. Qc1 c5 33. Qb1 Rb2
34. Qe1 Kg7 35. Qa5 c4 36. Qxc7 c3 37. a4 c2 38. a5 Qd3 39. Qe5+ Kg8 40. Qxb2
Qd2 41. Qc1 Qd3 42. a6 Qxa6 43. Qxc2 Qe6 44. Rc1 1-0

[Event "Euro Online U2300 Day 2"]
[Site "chess.com INT"]
[Date "2020.05.26"]
[Round "5"]
[White "Pedersen, Henrik Dahl"]
[Black "Mammadov, Sadig"]
[Result "0-1"]
[BlackTitle "FM"]
[WhiteElo "2225"]
[BlackElo "2237"]
[WhiteFideId "1404199"]
[BlackFideId "13408712"]
[EventDate "2020.05.26"]

1. e4 e6 2. d4 d5 3. Bd3 c5 4. c3 Nc6 5. Ne2 Nf6 6. e5 Nd7 7. O-O Be7 8. a3 a5
9. Be3 O-O 10. Nd2 b6 11. Qc2 h6 12. Ng3 Ba6 13. Bxa6 Rxa6 14. Qd3 Ra7 15. f4 f5
16. exf6 Nxf6 17. Kh1 Bd6 18. Rae1 Ng4 19. Bg1 Qf6 20. Qe2 Qg6 21. Qxe6+ Qxe6
22. Rxe6 Rf6 23. Rxf6 Nxf6 24. dxc5 bxc5 25. Nf5 Bf8 26. Rd1 a4 27. Nf3 Rb7 28.
Ne5 Na5 29. Ng6 Rxb2 30. Nxf8 Kxf8 31. Bxc5+ Kf7 32. Nd6+ Kg6 33. f5+ Kh7 34. h3
Nc6 35. Bb4 Ne5 36. Re1 Nd3 37. Re7 Nf4 38. Nf7 Nxg2 39. Ra7 Nh4 40. Rxa4 Nf3
41. Bd6 Ne4 42. Bc7 Nxc3 0-1